000 00576nam a2200193Ia 4500
008 180628s9999 xx 000 0 und d
020 _a971-08-1755-8
050 _aREF PL 6057
050 _b.D55 2016
245 0 _aDiksyunaryong Ingles-Filipino /
245 0 _c[tinipon] ni Felicidad T. E. Sagalongos.
260 _aMandaluyong City :
260 _bNational Books Store,
260 _c2016
300 _a722 pages :
300 _c18 cm.
650 _aEnglish language -- Dictionaries -- Filipino.
650 _xFilipino language -- Dictionaries and encyclopedias.
999 _c358139
_d358139